| 000 | 01723nam a2200253Ia 4500 | ||
|---|---|---|---|
| 999 |
_c51641 _d51641 |
||
| 001 | 18632 | ||
| 003 | GE_BSU | ||
| 005 | 20220920112909.0 | ||
| 008 | 181216s2012||||ge |||||||||||||| ||geo|| | ||
| 040 | _cGE_BSU | ||
| 041 | _ageo | ||
| 080 | _a 37 გ-30 | ||
| 100 |
_aგელაძე, გენადი _91083 |
||
| 245 |
_aკანონთან კონფლიქტში მყოფ ბავშვებთან პედაგოგიური საქმიანობის ასპექტები : დისერტაცია / _cგენადი გელაძე; სამეცნიერო ხელმძღვანელი ციალა მეგრელაძე, ადამ მახარაძე; ბათუმის შოთა რუსთაველის სახელმწიფო უნივერსიტეტი. |
||
| 264 |
_aბათუმი, _c2012. |
||
| 300 |
_a188 გვ.; _b30 სმ. |
||
| 653 | _aდისერტაცია | ||
| 653 | _aკანონთან კონფლიქტში მყოფ ბავშვებთან პედაგოგიური საქმიანობის ასპექტები | ||
| 653 | _aპედაგოგიკა | ||
| 700 |
_aმეგრელაძე, ციალა _eსამეცნიერო ხელმძღვანელი _91081 |
||
| 700 |
_aმახარაძე, ადამ _eსამეცნიერო ხელმძღვანელი _95625 |
||
| 710 |
_a ბათუმის შოთა რუსთაველის სახელმწიფო უნივერსიტეტი. _911733 |
||
| 942 |
_cBK _2udc |
||